[Event "5. HSK Weihnachts-Open 2019"]
[Site "Hamburg"]
[Date "2019.12.29"]
[Round "6.26"]
[White "Schulze, Tim"]
[Black "Frackowiak, Stanislaw"]
[Result "1/2-1/2"]
[WhiteElo "1496"]
[BlackElo "1675"]
[PlyCount "55"]
[EventDate "2019.12.27"]

1. d4 Nf6 2. Bf4 b6 3. e3 Bb7 4. Nc3 e6 5. Nf3 Bb4 6. Be2 Bxc3+ 7. bxc3 Nd5 8.
Qd3 Nxf4 9. exf4 O-O 10. h4 f5 11. Ne5 Nc6 12. Qg3 Nxe5 13. fxe5 d6 14. Rh3
dxe5 15. Qxe5 Qd6 16. Qg3 Qxg3 17. Rxg3 Rae8 18. f4 {(=)} Be4 19. Bd3 Bxd3 20.
cxd3 Rf6 21. Re3 h5 22. d5 Kf7 23. dxe6+ Rfxe6 24. Rxe6 Rxe6+ 25. Kf2 c5 26. a4
a5 27. c4 Rd6 28. Ra3 1/2-1/2

[Event "5. HSK Weihnachts-Open 2019"]
[Site "Hamburg"]
[Date "2019.12.29"]
[Round "6.27"]
[White "Hermes, Simon"]
[Black "Kock, Rudolf"]
[Result "1/2-1/2"]
[WhiteElo "1673"]
[BlackElo "1550"]
[PlyCount "98"]
[EventDate "2019.12.27"]

1. d4 Nf6 2. c4 c6 3. Nf3 e6 4. g3 Be7 5. Bg2 d5 6. O-O O-O 7. Nc3 a6 8. Nd2
Re8 9. e4 dxc4 10. Nxc4 b5 11. Ne5 Bb7 12. Be3 Qc7 13. Rc1 Rd8 14. Qe2 Nbd7 15.
Nd3 b4 16. Na4 Qa5 17. b3 Rac8 18. Nac5 Nxc5 19. Nxc5 Qb6 20. d5 Bxc5 21. Bxc5
Qb5 22. Qxb5 cxb5 23. Be7 Re8 24. d6 Nd7 25. Rfd1 Rc3 26. Bg5 Rec8 27. Bd2 Rxc1
28. Rxc1 Rxc1+ 29. Bxc1 Kf8 30. f3 Ke8 31. Bd2 a5 32. Bf1 Bc6 33. g4 f6 34. Be2
e5 35. h4 Kf7 36. Kg2 Ke6 37. g5 Kxd6 38. Kg3 g6 39. Kg4 Ke7 40. h5 Ke6 41.
hxg6 hxg6 42. gxf6 Kxf6 43. Bg5+ Kf7 44. Bd8 a4 45. Ba5 axb3 46. axb3 Nc5 47.
Bxb4 Nxb3 48. Kg5 Nd4 49. Bd1 Ne6+ 1/2-1/2

[Event "5. HSK Weihnachts-Open 2019"]
[Site "Hamburg"]
[Date "2019.12.29"]
[Round "6.29"]
[White "Queißer, Jens"]
[Black "Roth, Paul Konstantin"]
[Result "0-1"]
[WhiteElo "1429"]
[BlackElo "1501"]
[PlyCount "59"]
[EventDate "2019.12.27"]

1. g3 Nf6 2. Bg2 d5 3. Nf3 Bg4 4. O-O e6 5. d3 c6 6. Nbd2 Nbd7 7. c3 a5 8. a4
Bd6 9. Qc2 Nc5 10. e4 Nfd7 11. d4 Nxe4 12. Nxe4 dxe4 13. Ng5 Nf6 14. Nxe4 Bf5
15. Nxd6+ Qxd6 16. Bf4 Qxf4 17. Qb3 Qc7 18. Rfe1 O-O 19. Qc4 Nd5 20. Re5 Rfc8
21. b4 axb4 22. cxb4 b5 23. Qc5 Rxa4 24. Rxa4 bxa4 25. Bxd5 cxd5 26. b5 Qxc5
27. dxc5 Rxc5 28. b6 Rb5 29. Kf1 Rxb6 30. Ke1 0-1

[Event "5. HSK Weihnachts-Open 2019"]
[Site "Hamburg"]
[Date "2019.12.29"]
[Round "6.31"]
[White "Fuhrmann, Jeppe"]
[Black "Hinrichs, Winfried"]
[Result "1/2-1/2"]
[WhiteElo "1327"]
[BlackElo "1493"]
[PlyCount "52"]
[EventDate "2019.12.27"]

1. e4 c5 2. Nf3 d6 3. d4 cxd4 4. Nxd4 Nf6 5. Nc3 a6 6. Be2 e5 7. Nb3 Be6 8. O-O
Be7 9. Be3 Nbd7 10. Qd2 Nc5 11. Nxc5 dxc5 12. Rfd1 O-O 13. a3 Qxd2 14. Rxd2 Ng4
15. Bxg4 Bxg4 16. Rd5 b6 17. Rb1 Be6 18. Rd2 b5 19. Nd5 Bxd5 20. Rxd5 c4 21.
Rxe5 Bf6 22. Rd5 Rad8 23. Rbd1 Rxd5 24. Rxd5 Bxb2 25. Bc5 Re8 26. f3 Bf6
1/2-1/2

[Event "5. HSK Weihnachts-Open 2019"]
[Site "Hamburg"]
[Date "2019.12.29"]
[Round "6.32"]
[White "Krüger, Dietrich"]
[Black "Falke, Ornella"]
[Result "0-1"]
[WhiteElo "1204"]
[BlackElo "1486"]
[PlyCount "34"]
[EventDate "2019.12.27"]

1. d4 c5 2. Bf4 Qb6 3. dxc5 Qxb2 4. Nd2 e5 5. Nc4 Qb4+ 6. Bd2 Qxc4 7. Be3 Bxc5
8. Nf3 Bxe3 9. fxe3 Qc3+ 10. Kf2 Nf6 11. g3 Ng4+ 12. Kg1 Qxe3+ 13. Kg2 Qf2+ 14.
Kh3 d5 15. Kh4 g5+ 16. Nxg5 Qf6 17. Qxd5 Qh6# 0-1

[Event "5. HSK Weihnachts-Open 2019"]
[Site "Hamburg"]
[Date "2019.12.29"]
[Round "6.33"]
[White "Wang, Huanying"]
[Black "Grunert, Heinrich"]
[Result "0-1"]
[WhiteElo "1293"]
[BlackElo "1239"]
[PlyCount "74"]
[EventDate "2019.12.27"]

1. e4 e5 2. Nf3 d5 3. exd5 Qxd5 4. Nc3 Qd8 5. h3 Nc6 6. Bb5 Bd7 7. O-O Nf6 8.
Re1 Be7 9. d4 O-O 10. Nxe5 Nxe5 11. dxe5 Bb4 12. Bf1 Ne8 13. a3 Bxc3 14. bxc3
Bf5 15. Bd3 Bxd3 16. cxd3 c6 17. Re4 Nc7 18. Rg4 Qe7 19. Bg5 Qxe5 20. Bh6 Ne6
21. Rxg7+ Nxg7 22. d4 Qh5 23. Qxh5 Nxh5 24. Bxf8 Kxf8 25. Rd1 Re8 26. g3 Re2
27. Kf1 Ra2 28. g4 Nf4 29. h4 Rxa3 30. d5 Nxd5 31. c4 Nb4 32. Rd8+ Kg7 33. c5
Nd5 34. Re8 a5 35. Re1 Nf4 36. Rb1 a4 37. Rxb7 Ra1+ 0-1

[Event "5. HSK Weihnachts-Open 2019"]
[Site "Hamburg"]
[Date "2019.12.30"]
[Round "7.1"]
[White "Trisic, Aleksandar"]
[Black "Ertan, Can"]
[Result "1/2-1/2"]
[WhiteElo "2328"]
[BlackElo "2373"]
[PlyCount "128"]
[EventDate "2019.12.27"]

1. d4 Nf6 2. Nf3 b5 3. g3 Bb7 4. Bg2 e6 5. O-O c5 6. c3 Nc6 7. a4 b4 8. Bf4 Rc8
9. cxb4 Nxb4 10. Nc3 a6 11. a5 cxd4 12. Nxd4 Bxg2 13. Kxg2 Be7 14. e4 O-O 15.
Qe2 d5 16. Rfd1 Re8 17. h4 Nd7 18. exd5 e5 19. Ne6 fxe6 20. dxe6 Rc7 21. exd7
Rxd7 22. Bxe5 Nd3 23. Kh2 Bxh4 24. f4 Bf6 25. Ra4 Nxe5 26. fxe5 Rxe5 27. Qc4+
Kh8 28. Rxd7 Qxd7 29. Qf4 Qb7 30. Rb4 Rh5+ 31. Kg1 Rh1+ 32. Kf2 Rh2+ 33. Ke3
Qa7+ 34. Kd3 Qd7+ 35. Kc4 Qe6+ 36. Kd3 Qd7+ 37. Kc4 Qc8+ 38. Kb3 Rxb2+ 39. Kxb2
Bxc3+ 40. Kb3 Bxb4 41. Kxb4 Qb7+ 42. Ka4 Qd7+ 43. Kb3 Qe6+ 44. Kb4 Qe1+ 45. Kc4
Qe2+ 46. Kc3 Kg8 47. Qf5 Qe1+ 48. Kc4 Qe8 49. Qc5 h5 50. Qb6 Qc8+ 51. Kd5 Kf7
52. Ke5 Qc4 53. Qf2+ Kg6 54. Qb6+ Kg5 55. Qd8+ Kh6 56. Qb6+ Kh7 57. Qb1+ g6 58.
Qb6 Qd3 59. Qc7+ Kh6 60. Qc1+ g5 61. Qc6+ Qg6 62. Qb6 h4 63. gxh4 gxh4 64. Kf4
h3 1/2-1/2

[Event "5. HSK Weihnachts-Open 2019"]
[Site "Hamburg"]
[Date "2019.12.30"]
[Round "7.2"]
[White "Feuerstack, Aljoscha"]
[Black "Jahncke, Giso"]
[Result "1-0"]
[WhiteElo "2446"]
[BlackElo "2320"]
[PlyCount "53"]
[EventDate "2019.12.27"]

1. e4 e5 2. Nf3 Nc6 3. Bb5 a6 4. Ba4 Nf6 5. Nc3 d6 6. Bxc6+ bxc6 7. d4 exd4 8.
Nxd4 c5 9. Nf5 g6 10. Nh6 Be6 11. Bg5 Be7 12. O-O Kf8 13. f4 Bc4 14. Rf2 d5 15.
e5 Ng8 16. b3 d4 17. bxc4 dxc3 18. Qf3 Kg7 19. Rd1 Qe8 20. Bxe7 Nxe7 21. f5
Kxh6 22. f6 g5 23. Qh3+ Kg6 24. Qd3+ Kh6 25. Qh3+ Kg6 26. fxe7 Qxe7 27. Rf6+
1-0

[Event "5. HSK Weihnachts-Open 2019"]
[Site "Hamburg"]
[Date "2019.12.30"]
[Round "7.3"]
[White "Kuberczyk, Christoph"]
[Black "Krause, Benedict"]
[Result "1/2-1/2"]
[WhiteElo "2310"]
[BlackElo "2423"]
[PlyCount "49"]
[EventDate "2019.12.27"]

1. d4 Nf6 2. c4 g6 3. Nc3 d5 4. cxd5 Nxd5 5. e4 Nxc3 6. bxc3 Bg7 7. Bc4 c5 8.
Ne2 Nc6 9. Be3 O-O 10. O-O Bg4 11. f3 Bd7 12. Rb1 Qc7 13. Qd2 Rad8 14. Rfc1 Bc8
15. Bf2 Na5 16. Bd3 b6 17. Qe3 Qd6 18. d5 c4 19. Bc2 e5 20. Rd1 f5 21. exf5
gxf5 22. f4 Rfe8 23. Bh4 Bf6 24. Qg3+ Kh8 25. Ba4 1/2-1/2

[Event "5. HSK Weihnachts-Open 2019"]
[Site "Hamburg"]
[Date "2019.12.30"]
[Round "7.4"]
[White "Pfreundt, Jakob"]
[Black "Günther, Patrick"]
[Result "1/2-1/2"]
[WhiteElo "2409"]
[BlackElo "2063"]
[PlyCount "123"]
[EventDate "2019.12.27"]

1. d4 Nf6 2. c4 g6 3. Nc3 d5 4. cxd5 Nxd5 5. e4 Nxc3 6. bxc3 Bg7 7. Nf3 c5 8.
Be3 Qa5 9. Qd2 Nc6 10. Rb1 a6 11. Rc1 cxd4 12. cxd4 Qxd2+ 13. Kxd2 e6 14. Bd3
O-O 15. h4 Rd8 16. Rc4 Bd7 17. Ke2 Rac8 18. Bg5 Re8 19. e5 h6 20. Bd2 Ne7 21.
Rhc1 Nd5 22. Rxc8 Rxc8 23. Rxc8+ Bxc8 24. Be4 Bf8 25. Ne1 Bd7 26. Nc2 Bc6 27.
f3 Kg7 28. g3 f5 29. exf6+ Kxf6 30. Ne3 Nxe3 31. Bxc6 bxc6 32. Kxe3 e5 33. g4
h5 34. Ke4 exd4 35. Kxd4 Ke6 36. Bg5 Bd6 37. Ke4 hxg4 38. fxg4 Be5 39. a4 Bg7
40. Be3 Bf6 41. h5 gxh5 42. gxh5 Bg7 43. Bd2 c5 44. Be3 Bf8 45. Bf2 Kd6 46. Bg1
Ke6 47. Be3 Kd6 48. Bf4+ Ke6 49. Be5 Bh6 50. Bb2 Kd6 51. Ba3 Kc6 52. Ke5 Bd2
53. Bb2 Be3 54. Ke4 Bh6 55. Be5 Bf8 56. Bf4 Bg7 57. Be5 Bh6 58. Bf6 Kd6 59. Kf5
Kd5 60. Bg5 Bf8 61. h6 Bxh6 62. Bxh6 1/2-1/2

[Event "5. HSK Weihnachts-Open 2019"]
[Site "Hamburg"]
[Date "2019.12.30"]
[Round "7.5"]
[White "Popvasilev, Kaloyan"]
[Black "Hochgräfe, Markus"]
[Result "1/2-1/2"]
[WhiteElo "2133"]
[BlackElo "2415"]
[PlyCount "206"]
[EventDate "2019.12.27"]

1. e4 c6 2. d4 d5 3. f3 e6 4. Nc3 Bb4 5. Bf4 Nf6 6. Qd3 b6 7. Nge2 Ba6 8. Qe3
O-O 9. O-O-O Nbd7 10. Kb1 Rc8 11. a3 Be7 12. g4 b5 13. Ng3 Nb6 14. g5 Ne8 15.
h4 Nc4 16. Bxc4 bxc4 17. h5 Qa5 18. exd5 cxd5 19. Kc1 Rc6 20. Kd2 Nd6 21. g6
Nb5 22. h6 fxg6 23. hxg7 Rxf4 24. Qxf4 Qd8 25. Ke2 g5 26. Qg4 Qe8 27. Qh5 Qg6
28. Qxg6 hxg6 29. Nxb5 Bxb5 30. c3 Kxg7 31. a4 Ba6 32. Kd2 Rb6 33. Kc2 Bc8 34.
Nf1 Bd7 35. Ra1 Ra6 36. a5 Bd8 37. Ne3 Rxa5 38. Rxa5 Bxa5 39. Ra1 Bb6 40. Ng4
Be8 41. Ra3 Bb5 {(=)} 42. Ra1 Bd7 43. Ne5 Be8 44. Kd2 a5 45. Ng4 Bc7 46. Ke2 a4
47. Kf2 Bf4 48. Ne3 Bc6 49. Nc2 Kf6 50. Nb4 Bb5 51. Rh1 Kg7 52. Ke2 Bd6 53. Kd2
Bf4+ 54. Kd1 Kg8 55. Nc2 Kg7 56. Re1 Kf6 57. Ne3 Bd6 58. Ng4+ Kf7 59. Re2 Be8
60. Ke1 Be7 61. Nh6+ Kf6 62. Ng8+ Kf7 63. Nxe7 Kxe7 64. Rh2 Kf6 65. Rh8 Bf7 66.
Kf2 e5 67. Ke3 Be6 68. Rf8+ Ke7 69. Ra8 Kf6 70. Rxa4 g4 71. dxe5+ Kxe5 72. f4+
Kf5 73. Ra6 Bf7 74. Kf2 g5 75. fxg5 Kxg5 76. Kg3 Kf5 77. Ra7 Be6 78. Re7 Ke5
79. Re8 Kf5 80. Kh4 Kf6 81. Rf8+ Ke5 82. Rf1 Bc8 83. Kg3 d4 84. Re1+ Kd5 85.
cxd4 Kxd4 86. Kf4 Kd3 87. Rc1 Be6 88. Ke5 Bf7 89. Kf5 g3 90. Rc3+ Kd2 91. Rxg3
Kc2 92. Rg2+ Kb3 93. Ke5 c3 94. bxc3 Kxc3 95. Rg3+ Kb2 96. Kd4 Be6 97. Kc5 Bf5
98. Kb4 Be4 99. Re3 Bg6 100. Re2+ Ka1 101. Rh2 Bf5 102. Kb3 Be6+ 103. Ka3 Bf5
1/2-1/2

[Event "5. HSK Weihnachts-Open 2019"]
[Site "Hamburg"]
[Date "2019.12.30"]
[Round "7.6"]
[White "Falke, Isaak"]
[Black "Hourigan, Gerrit"]
[Result "0-1"]
[WhiteElo "2107"]
[BlackElo "2301"]
[PlyCount "62"]
[EventDate "2019.12.27"]

1. e4 c5 2. Nf3 d6 3. d4 cxd4 4. Nxd4 Nf6 5. Nc3 a6 6. f3 e6 7. Be3 b5 8. g4 h6
9. Qd2 Nbd7 10. a3 Bb7 11. O-O-O d5 12. exd5 Nxd5 13. Nxd5 Bxd5 14. Rg1 Qc7 15.
f4 Bc5 16. f5 O-O-O 17. fxe6 fxe6 18. a4 Nf6 19. axb5 e5 20. g5 hxg5 21. Be2
exd4 22. Bxd4 Be4 23. b6 Bxb6 24. Bxa6+ Kb8 25. Bxb6 Qxb6 26. Qe2 g4 27. Rxd8+
Rxd8 28. Re1 Qa5 29. Qb5+ Qxb5 30. Bxb5 Rc8 31. c4 Kb7 0-1

[Event "5. HSK Weihnachts-Open 2019"]
[Site "Hamburg"]
[Date "2019.12.30"]
[Round "7.7"]
[White "Ritscher, Jan-Paul"]
[Black "Keyser, Robin"]
[Result "0-1"]
[WhiteElo "2253"]
[BlackElo "2022"]
[PlyCount "86"]
[EventDate "2019.12.27"]

1. d4 Nf6 2. c4 e6 3. Nf3 c5 4. g3 cxd4 5. Nxd4 d5 6. Bg2 dxc4 7. Qa4+ Nbd7 8.
O-O Be7 9. Rd1 O-O 10. Qxc4 a6 11. Qc2 Qa5 12. a3 Rb8 13. b4 Qh5 14. h3 Qg6 15.
e4 Ne5 16. f4 Nc6 17. Nxc6 bxc6 18. g4 h5 19. g5 Ne8 20. h4 f6 21. Be3 fxg5 22.
hxg5 h4 23. Nd2 h3 24. Bxh3 Qh5 25. Bg2 e5 26. f5 Bxg5 27. Qc4+ Rf7 28. Bxg5
Qxg5 29. Nf3 Qe3+ 30. Kf1 a5 31. Nxe5 Qf4+ 32. Nf3 Bxf5 33. Qc1 Qxc1 34. Raxc1
Bxe4 35. Kf2 axb4 36. axb4 Rxb4 37. Rc3 Bd5 38. Kg3 Nf6 39. Ne5 Nh5+ 40. Kh2
Rf2 41. Rxd5 cxd5 42. Nd3 Rh4+ 43. Kg1 Rf5 0-1

[Event "5. HSK Weihnachts-Open 2019"]
[Site "Hamburg"]
[Date "2019.12.30"]
[Round "7.9"]
[White "Schroeder, Christoph"]
[Black "Thieme, Daniel Otis"]
[Result "1/2-1/2"]
[WhiteElo "2159"]
[BlackElo "1983"]
[PlyCount "24"]
[EventDate "2019.12.27"]

1. e4 c6 2. d4 d5 3. exd5 cxd5 4. Bd3 Nc6 5. c3 Nf6 6. Bf4 Bg4 7. Qb3 Qc8 8.
Nd2 e6 9. Ngf3 Be7 10. O-O O-O 11. Ne5 Nxe5 12. Bxe5 Bh5 1/2-1/2

[Event "5. HSK Weihnachts-Open 2019"]
[Site "Hamburg"]
[Date "2019.12.30"]
[Round "7.10"]
[White "Grunert, Friedrich"]
[Black "Wanner, Lukas"]
[Result "1-0"]
[WhiteElo "1930"]
[BlackElo "2099"]
[PlyCount "63"]
[EventDate "2019.12.27"]

1. d4 Nf6 2. c4 g6 3. Nc3 Bg7 4. e4 d6 5. Nf3 O-O 6. Be2 c5 7. d5 e6 8. O-O
exd5 9. cxd5 Re8 10. Nd2 Na6 11. f3 Nc7 12. a4 b6 13. Nc4 Ba6 14. Re1 Qd7 15.
Bf4 Bxc4 16. Bxc4 a6 17. Qd3 Nh5 18. Bd2 Be5 19. g3 Qh3 20. Qf1 Qxf1+ 21. Bxf1
Ng7 22. f4 Bf6 23. e5 Be7 {(=)} 24. Ne4 Nf5 25. g4 Nd4 26. exd6 Nxd5 27. dxe7
Nf3+ 28. Kh1 Rxe7 29. Bc4 Nxd2 30. Bxd5 Rd8 31. Nf6+ Kf8 32. Nxh7+ 1-0

[Event "5. HSK Weihnachts-Open 2019"]
[Site "Hamburg"]
[Date "2019.12.30"]
[Round "7.11"]
[White "Keyser, Philipp"]
[Black "Mix, Clemens"]
[Result "1/2-1/2"]
[WhiteElo "1980"]
[BlackElo "1931"]
[PlyCount "109"]
[EventDate "2019.12.27"]

1. e4 c5 2. Nf3 e6 3. d4 cxd4 4. Nxd4 Nc6 5. Nc3 Qc7 6. Be3 a6 7. Qf3 Nf6 8.
Qg3 Ne5 9. f4 Neg4 10. Bg1 h5 11. h3 h4 12. Qf3 Nh6 13. e5 Nfg8 14. O-O-O Ne7
15. Kb1 Nhf5 16. Nxf5 Nxf5 17. g4 hxg3 18. Bd3 g6 19. Bxf5 gxf5 20. Qxg3 b5 21.
Rh2 Bb7 22. Rhd2 O-O-O 23. Qe3 Bc6 24. Rd3 b4 25. Ne2 Be4 26. R3d2 d5 27. Nc1
Kb8 28. Qb3 Rc8 29. a3 a5 30. axb4 axb4 31. Na2 Qc4 32. Qxc4 Rxc4 33. b3 Rc7
34. Rh2 Rxh3 35. Rxh3 Bxc2+ 36. Kb2 Bxd1 37. Rh8 Rc2+ 38. Kb1 Rc8 39. Rh7 Bxb3
40. Rxf7 Bxa2+ 41. Kxa2 Bc5 42. Bxc5 Rxc5 43. Re7 Rc6 44. Kb3 Rb6 45. Rg7 Kc8
46. Re7 Kd8 47. Rh7 Ke8 48. Rc7 Kd8 49. Rh7 Kc8 50. Re7 Kb8 51. Rh7 Rb7 52. Rh6
Re7 53. Kxb4 Kc7 54. Kc5 Kd7 55. Kd4 1/2-1/2

[Event "5. HSK Weihnachts-Open 2019"]
[Site "Hamburg"]
[Date "2019.12.30"]
[Round "7.12"]
[White "Neumann, Oskar"]
[Black "Giraud, Valerian"]
[Result "0-1"]
[WhiteElo "1682"]
[BlackElo "1972"]
[PlyCount "50"]
[EventDate "2019.12.27"]

1. e4 c5 2. Nf3 d6 3. d4 cxd4 4. Nxd4 Nf6 5. Nc3 a6 6. Be2 e6 7. O-O Be7 8. f4
Qc7 9. Kh1 Nc6 10. Nf3 O-O 11. a3 b5 12. Bd3 Bb7 13. Qe2 Nd7 14. Bd2 Nc5 15.
Rae1 Rfe8 16. f5 Bf6 17. Ng5 h6 18. Nh3 Ne5 19. g4 Bh4 20. Rc1 Nc4 21. g5 Nxd2
22. Qxd2 exf5 23. Rxf5 Nxe4 24. Nxe4 Rxe4 25. Kg1 Rg4+ 0-1

[Event "5. HSK Weihnachts-Open 2019"]
[Site "Hamburg"]
[Date "2019.12.30"]
[Round "7.15"]
[White "Egelriede, Nikolas"]
[Black "Callsen, Niklas"]
[Result "0-1"]
[WhiteElo "1865"]
[BlackElo "2072"]
[PlyCount "96"]
[EventDate "2019.12.27"]

1. e4 c5 2. Nf3 d6 3. Bb5+ Nd7 4. O-O a6 5. Bxd7+ Qxd7 6. Qe2 g6 7. c3 Bg7 8.
d4 cxd4 9. cxd4 e6 10. Nc3 Ne7 11. Bg5 O-O 12. Rfd1 h6 13. Be3 b5 14. a3 Bb7
15. Nd2 f5 16. f3 Rac8 17. Nb3 Kh7 18. Rac1 fxe4 19. fxe4 Nc6 20. Qg4 Qe8 21.
Qg3 Qe7 22. Ne2 Rf6 23. Nc3 Rf7 24. Ne2 Rf6 25. Nc3 Rf7 26. Ne2 Re8 27. Qh3 a5
28. Nd2 e5 29. Nf3 Kg8 30. d5 Nd4 31. Bxd4 exd4 32. Ng3 Kh7 33. b3 a4 34. bxa4
bxa4 35. Rc4 Bxd5 36. Rxa4 Bb3 37. Rdxd4 Bxa4 38. Rxa4 d5 39. Qg4 Qb7 40. h4 d4
41. h5 g5 42. Rb4 Qd7 43. Nf5 d3 44. Nd2 Bc3 45. Nf3 Bxb4 46. Nxg5+ hxg5 47.
Qxg5 Bc5+ 48. Kh1 Qe6 0-1

[Event "5. HSK Weihnachts-Open 2019"]
[Site "Hamburg"]
[Date "2019.12.30"]
[Round "7.16"]
[White "Kurth, Michael"]
[Black "Chmielewski, Axel"]
[Result "1/2-1/2"]
[WhiteElo "1971"]
[BlackElo "1790"]
[PlyCount "112"]
[EventDate "2019.12.27"]

1. e4 e6 2. d4 d5 3. Nc3 dxe4 4. Nxe4 Bd7 5. Nf3 Bc6 6. Bd3 Nd7 7. O-O Ngf6 8.
Qe2 Nxe4 9. Bxe4 Bxe4 10. Qxe4 c6 11. c3 Be7 12. a4 Nf6 13. Qe2 a5 14. Ne5 O-O
15. Bg5 Nd5 16. Bxe7 Qxe7 17. f4 c5 18. dxc5 Qxc5+ 19. Qf2 Qxf2+ 20. Rxf2 Rac8
21. c4 Nb6 22. b3 Rfd8 23. g3 f6 24. Nf3 Rd3 25. Rb1 Rcd8 26. Kg2 Kf7 27. Rbb2
Nd7 28. b4 axb4 29. Rxb4 Nc5 30. a5 Rb3 31. Rb5 Rxb5 32. cxb5 Nb3 33. Ra2 Rc8
34. a6 bxa6 35. Rxa6 Rb8 36. b6 Kg6 37. g4 Nc5 38. Ra5 Nb7 39. Ra7 Nd6 40. Nd4
Rxb6 41. Nxe6 Rb7 42. f5+ Kh6 43. Ra3 Rb2+ 44. Kg3 g6 45. fxg6 hxg6 46. h4 g5
47. hxg5+ fxg5 48. Ra6 Rb3+ 49. Kg2 Rb2+ 50. Kf3 Rd2 51. Ke3 Nc4+ 52. Ke4 Rd6
53. Rxd6 Nxd6+ 54. Ke5 Nc4+ 55. Kf6 Ne3 56. Nxg5 Nxg4+ 1/2-1/2

[Event "5. HSK Weihnachts-Open 2019"]
[Site "Hamburg"]
[Date "2019.12.30"]
[Round "7.17"]
[White "Jablonowski, Christoph"]
[Black "Floren, Dieter"]
[Result "1-0"]
[WhiteElo "1969"]
[BlackElo "1703"]
[PlyCount "81"]
[EventDate "2019.12.27"]

1. d4 Nf6 2. Nf3 g6 3. c4 Bg7 4. Nc3 O-O 5. e4 d6 6. Be2 e5 7. d5 a5 8. Bg5 h6
9. Be3 Na6 10. Nd2 g5 11. a3 Bd7 12. Rg1 Qc8 13. h3 Ne8 14. g4 Bf6 15. Nf1 Ng7
16. Ng3 Qd8 17. Nf5 Nxf5 18. gxf5 Kh7 19. Bh5 Qe7 20. Ke2 b6 21. Qc2 Rg8 22.
Nb5 Rac8 23. Rgb1 Bxb5 24. cxb5 Nc5 25. b4 Nb7 26. bxa5 Nxa5 27. Bd2 Nb7 28.
Bb4 Nc5 29. a4 Qd8 30. Bxc5 dxc5 31. Qc4 Qf8 32. Rd1 Rg7 33. d6 cxd6 34. a5
bxa5 35. Rxa5 Rb8 36. Ra6 g4 37. Rdxd6 gxh3 38. Rxf6 h2 39. Rxh6+ Kg8 40. Bf3
Rh7 41. Rxh7 1-0

[Event "5. HSK Weihnachts-Open 2019"]
[Site "Hamburg"]
[Date "2019.12.30"]
[Round "7.18"]
[White "Wulf, Constanze"]
[Black "Renger, Maik"]
[Result "1-0"]
[WhiteElo "1792"]
[BlackElo "1959"]
[PlyCount "51"]
[EventDate "2019.12.27"]

1. e4 e5 2. Nf3 Nf6 3. Nxe5 d6 4. Nf3 Nxe4 5. Nc3 Nxc3 6. dxc3 Be7 7. Be3 Bg4
8. Be2 Nc6 9. Qd2 Qd7 10. O-O-O O-O 11. h3 Be6 12. Kb1 a6 13. Nd4 Na5 14. Nxe6
Qxe6 15. Rhe1 Bf6 16. Bd4 Bxd4 17. cxd4 Qd5 18. Bf3 Qb5 19. Re7 d5 20. Rxc7 Nc4
21. Qc3 Rac8 22. Rc5 Rxc5 23. dxc5 Rd8 24. Bxd5 Rxd5 25. Rxd5 Na3+ 26. Kc1 1-0

[Event "5. HSK Weihnachts-Open 2019"]
[Site "Hamburg"]
[Date "2019.12.30"]
[Round "7.19"]
[White "Nyenhuis, Yannek"]
[Black "Gonzales Leon, Heriberto"]
[Result "1-0"]
[WhiteElo "1951"]
[BlackElo "1666"]
[PlyCount "81"]
[EventDate "2019.12.27"]

1. d4 Nf6 2. Bf4 d6 3. Nc3 c6 4. e4 Qa5 5. Qd2 e5 6. Be3 Ng4 7. Nf3 Nxe3 8.
Qxe3 Be7 9. Bc4 Bg4 10. dxe5 dxe5 11. h3 Bh5 12. O-O Nd7 13. a3 h6 14. b4 Qc7
15. Ne2 Nb6 16. Bb3 a5 17. Ng3 Bg6 18. c3 O-O 19. Rfd1 axb4 20. axb4 Rfd8 21.
Rxd8+ Bxd8 22. Rxa8 Nxa8 23. Qd2 Nb6 24. Nxe5 Bg5 25. Qd4 Bf6 26. f4 Kh7 27.
Qc5 Bxe5 28. fxe5 Nc8 29. Nf5 Qd8 30. Qe3 Qc7 31. Qd4 b6 32. e6 fxe6 33. Bxe6
c5 34. Qd7 Qxd7 35. Bxd7 cxb4 36. cxb4 Na7 37. g4 Kg8 38. e5 Bxf5 39. gxf5 Kf8
40. e6 Ke7 41. b5 1-0

[Event "5. HSK Weihnachts-Open 2019"]
[Site "Hamburg"]
[Date "2019.12.30"]
[Round "7.20"]
[White "Atri, Jamshid"]
[Black "Von Rosen, Jakob"]
[Result "1-0"]
[WhiteElo "1917"]
[BlackElo "1665"]
[PlyCount "87"]
[EventDate "2019.12.27"]

1. e4 c5 2. Nf3 d6 3. d4 cxd4 4. Nxd4 Nf6 5. Nc3 a6 6. Bg5 e6 7. f4 Be7 8. Qf3
Nbd7 9. O-O-O Qc7 10. Bd3 b5 11. a3 Bb7 12. Rhe1 Nc5 13. Bxf6 Nxd3+ 14. Qxd3
Bxf6 15. Ndxb5 axb5 16. Nxb5 Qb6 17. Nxd6+ Kf8 18. e5 Be7 19. g3 g6 20. Qb5
Qxb5 21. Nxb5 Bc6 22. Nd6 Kg7 23. Re3 Ra6 24. b4 Ba4 25. Rd4 Rb8 26. c4 Bd8 27.
c5 Bc6 28. h4 Bc7 29. Kb2 Bd5 30. g4 Bd8 31. g5 Kf8 32. h5 Kg7 33. h6+ Kf8 34.
b5 Ra5 35. Rb4 Bc7 36. a4 Ke7 37. Rc3 Bd8 38. Ka3 Bg2 39. c6 Ra7 40. b6 Bxb6
41. Rxb6 Rba8 42. Rb7+ Kd8 43. c7+ Kd7 44. c8=Q# 1-0

[Event "5. HSK Weihnachts-Open 2019"]
[Site "Hamburg"]
[Date "2019.12.30"]
[Round "7.21"]
[White "Raedisch, Peter"]
[Black "Schwarzkopf, Jörg"]
[Result "0-1"]
[WhiteElo "1572"]
[BlackElo "1874"]
[PlyCount "80"]
[EventDate "2019.12.27"]

1. e4 c5 2. Nf3 Nc6 3. Bc4 e6 4. c3 d5 5. exd5 exd5 6. Bb3 Qe7+ 7. Qe2 Nf6 8.
Ba4 Qxe2+ 9. Kxe2 Bd6 10. d4 O-O 11. Bxc6 bxc6 12. h3 Ba6+ 13. Kd1 Ne4 14. Be3
Bf4 15. Re1 Bxe3 16. fxe3 Rab8 17. Kc2 cxd4 18. cxd4 f6 19. Nc3 Nf2 20. b3 Rfe8
21. Kd2 Re7 22. Nd1 Nd3 23. Rg1 c5 24. dxc5 Rc7 25. Ne1 Nxc5 26. Nf2 Rxb3 27.
Rc1 Rbb7 28. Nf3 Rb2+ 29. Kc3 Rxf2 30. Kd4 Ne6+ 31. Kxd5 Rxc1 32. Rxc1 Ng5 33.
Nd4 Rxa2 34. h4 Ra5+ 35. Kd6 Nf7+ 36. Kd7 Ne5+ 37. Ke7 Bc4 38. h5 Rd5 39. Rb1
Rd7+ 40. Ke8 Bf7# 0-1

[Event "5. HSK Weihnachts-Open 2019"]
[Site "Hamburg"]
[Date "2019.12.30"]
[Round "7.22"]
[White "Nickel, Jonas"]
[Black "Hermes, Simon"]
[Result "1/2-1/2"]
[WhiteElo "1793"]
[BlackElo "1673"]
[PlyCount "68"]
[EventDate "2019.12.27"]

1. e4 e6 2. d3 d5 3. Nd2 Nf6 4. Ngf3 Nc6 5. g3 dxe4 6. dxe4 e5 7. Bg2 Bc5 8.
O-O O-O 9. Qe2 Re8 10. c3 a5 11. h3 b6 12. Rd1 Ba6 13. Qe1 a4 14. Nf1 Qe7 15.
Nh4 Qe6 16. Ne3 Bxe3 17. Bxe3 Na5 18. Bg5 Nc4 19. b3 Nb2 20. Rd2 Nd3 21. Qd1
axb3 22. axb3 Nc5 23. c4 Nfxe4 24. Bxe4 Nxe4 25. Rd8 Nxg5 26. Rxa8 Rxa8 27.
Rxa6 Nxh3+ 28. Kg2 Re8 29. Ra7 Ng5 30. Rxc7 Qh3+ 31. Kg1 Qe6 32. Rd7 e4 33. Rd6
Qh3 34. Rd8 Qe6 1/2-1/2

[Event "5. HSK Weihnachts-Open 2019"]
[Site "Hamburg"]
[Date "2019.12.30"]
[Round "7.23"]
[White "Meyer, Harald"]
[Black "Grunert, Wilhelm"]
[Result "0-1"]
[WhiteElo "1298"]
[BlackElo "1699"]
[PlyCount "83"]
[EventDate "2019.12.27"]

1. e4 c5 2. Nf3 Nc6 3. d4 cxd4 4. Nxd4 Nf6 5. f3 e5 6. Nb3 d5 7. Bg5 d4 8. Bd3
Bb4+ 9. c3 dxc3 10. Nxc3 h6 11. Bh4 O-O 12. O-O Bxc3 13. bxc3 Qb6+ 14. Kh1 Nh5
15. Bf2 Qc7 16. Be3 Nf4 17. Bxf4 exf4 18. Qc2 Be6 19. Rac1 Ne5 20. Rfd1 Bc4 21.
Bxc4 Nxc4 22. Rd3 Ne3 23. Qb2 Rfd8 24. Rxd8+ Rxd8 25. Qe2 Qd6 26. Nd4 Qa3 27.
Nb3 a5 28. g3 a4 29. gxf4 axb3 30. Qxe3 b2 31. Rb1 Qxa2 32. Qe1 Ra8 33. Kg2 Qb3
34. Qd2 Ra2 35. e5 Qb6 36. Qc2 Ra1 37. Rxb2 Rg1+ 38. Kh3 Qe6+ 39. f5 Qxe5 40.
Qe4 Qxc3 41. Rc2 Qf6 42. Rg2 0-1

[Event "5. HSK Weihnachts-Open 2019"]
[Site "Hamburg"]
[Date "2019.12.30"]
[Round "7.24"]
[White "Frackowiak, Stanislaw"]
[Black "Bauer, Marcus"]
[Result "0-1"]
[WhiteElo "1675"]
[BlackElo "1682"]
[PlyCount "48"]
[EventDate "2019.12.27"]

1. d4 Nf6 2. Nf3 c5 3. e3 cxd4 4. exd4 d5 5. Bd3 Nc6 6. c3 Bg4 7. Nbd2 e6 8.
O-O Bd6 9. Qc2 Rc8 10. Re1 O-O 11. Ne5 Bh5 12. a3 Nxd4 13. Qa4 Nc6 14. Nxc6
Rxc6 15. Qxa7 Qc7 16. Nf1 Bg6 17. Bxg6 hxg6 18. Qe3 Ne4 19. Qh3 Qb6 20. Re2 Bc5
21. Be3 Bxe3 22. Qxe3 Qxe3 23. Nxe3 Rb6 24. Rb1 Nxc3 0-1